00996 2200349 4500001002100000005001500021035002000036007000300056040001700059100003000076245006000106300002300166041000800189082001000197084001600207090002100223264002900244336002100273337003000294338002300324850001000347008004100357650001500398250001200413260003400425020002200459500002500481700005000506700004400556990002300600990002300623INLIS00000000000865320260518110840 a0010-1022000028ta aSBPUPADbind aNorman F. GantePengarang1 aDasar - Dasar Ginekologi dan Obstetri /cNorman F. Gant ax, 654 hlm ;c27cm0 aind a618.1 a618.1 NOR d a813 DWI t L24-12 a.--Jakarta :bEGC,c2010 2rdacontentateks 2rdamediaatanpa perantara 2rdacarrieravolume aPUPAD260518 0  4aGinekologi a.-Cet.2 a.--Yogyakarta :bOmbak,c2008 a978-979-448-810-2 aIndeks, hlm. 542-5640 aPengarang Ke-2, F. Gary CunninghamePengarang0 aAlih Bahasa, Brahm U. PenditePengarang a17508/BR/KAPD/2012 a17509/BR/KAPD/2012